<?xml version="1.0" encoding="UTF-8"?>
<record
    xmlns:xsi="http://www.w3.org/2001/XMLSchema-instance"
    xsi:schemaLocation="http://www.loc.gov/MARC21/slim http://www.loc.gov/standards/marcxml/schema/MARC21slim.xsd"
    xmlns="http://www.loc.gov/MARC21/slim">

  <leader>00866nam a22002777a 4500</leader>
  <controlfield tag="001">BRCA_9177</controlfield>
  <controlfield tag="003">FranzMayer</controlfield>
  <controlfield tag="005">20220809123311.0</controlfield>
  <controlfield tag="008">220629b        |||||||| |||| 00| 0 spa d</controlfield>
  <datafield tag="040" ind1=" " ind2=" ">
    <subfield code="c">MFM</subfield>
  </datafield>
  <datafield tag="041" ind1=" " ind2=" ">
    <subfield code="a">spa</subfield>
  </datafield>
  <datafield tag="050" ind1=" " ind2=" ">
    <subfield code="a"> HQ590 .L493 1971</subfield>
  </datafield>
  <datafield tag="100" ind1=" " ind2=" ">
    <subfield code="a">Lewis, Oscar</subfield>
    <subfield code="e">autor</subfield>
    <subfield code="9">10487</subfield>
  </datafield>
  <datafield tag="245" ind1="1" ind2="4">
    <subfield code="a">Los hijos de S&#xE1;nchez / </subfield>
    <subfield code="c">Oscar Lewis</subfield>
  </datafield>
  <datafield tag="250" ind1=" " ind2=" ">
    <subfield code="a">10ma ed.</subfield>
  </datafield>
  <datafield tag="260" ind1=" " ind2=" ">
    <subfield code="a">M&#xE9;xico, D.F. :</subfield>
    <subfield code="b">Editorial Joaqu&#xED;n Mortiz</subfield>
    <subfield code="c">1971</subfield>
  </datafield>
  <datafield tag="300" ind1=" " ind2=" ">
    <subfield code="a">XXXV, 521 p.</subfield>
    <subfield code="c">20.5 cm</subfield>
  </datafield>
  <datafield tag="500" ind1=" " ind2=" ">
    <subfield code="a">Ubicaci&#xF3;n: L60-N1</subfield>
  </datafield>
  <datafield tag="500" ind1=" " ind2=" ">
    <subfield code="a">Incluye &#xE1;rbol geneal&#xF3;gico de la familia S&#xE1;nchez</subfield>
  </datafield>
  <datafield tag="500" ind1=" " ind2=" ">
    <subfield code="a">Incluye Ap&#xE9;ndice con la Resoluci&#xF3;n del Procurador General de la Rep&#xFA;blica</subfield>
  </datafield>
  <datafield tag="650" ind1=" " ind2=" ">
    <subfield code="2">Familia</subfield>
    <subfield code="z">M&#xE9;xico</subfield>
    <subfield code="9">4504</subfield>
  </datafield>
  <datafield tag="650" ind1=" " ind2=" ">
    <subfield code="2">Pobreza</subfield>
    <subfield code="z">M&#xE9;xico</subfield>
    <subfield code="9">4504</subfield>
  </datafield>
  <datafield tag="651" ind1=" " ind2=" ">
    <subfield code="2">Ciudad de M&#xE9;xico</subfield>
    <subfield code="x">Condiciones sociales</subfield>
    <subfield code="9">28384</subfield>
  </datafield>
  <datafield tag="942" ind1=" " ind2=" ">
    <subfield code="2">lcc</subfield>
    <subfield code="c">B</subfield>
  </datafield>
  <datafield tag="999" ind1=" " ind2=" ">
    <subfield code="c">10796</subfield>
    <subfield code="d">10796</subfield>
  </datafield>
  <datafield tag="952" ind1=" " ind2=" ">
    <subfield code="0">0</subfield>
    <subfield code="1">0</subfield>
    <subfield code="2">lcc</subfield>
    <subfield code="4">0</subfield>
    <subfield code="7">0</subfield>
    <subfield code="a">BRCA</subfield>
    <subfield code="b">BRCA</subfield>
    <subfield code="d">2022-06-29</subfield>
    <subfield code="l">0</subfield>
    <subfield code="o"> HQ590 .L493 1971</subfield>
    <subfield code="p">CONT9950</subfield>
    <subfield code="r">2022-06-29 00:00:00</subfield>
    <subfield code="t">1</subfield>
    <subfield code="w">2022-06-29</subfield>
    <subfield code="y">B</subfield>
  </datafield>
</record>
